000 00821nam a22002777a 4500
003 CHAP
005 20220329140919.0
008 971013s1965 r 00010 d
010 _a59730
011 _a60702
035 _a64864
040 _cCHAP
082 _a631
_bH35
100 0 0 _aHamilton, J. E.
_952433
245 _aPara una eficiente administración rural
260 _aBuenos Aires :
_bTroquel,
_c1965
300 _a383 p.
_b: ilus.
590 _aBATCH-UPD
_b10
_c20130110
_lUCH01
_h0441
590 _aCONVERSION
_b10
_c20130109
_lUCH01
_h1332
650 1 4 _aEmpresas agropecuarias.
_936649
700 0 _aBryant, W. E.
_915843
901 _aBK
942 _cLIBRO
949 _a631 H35
_bBC
_cLIBRO
_d-142842
_eLIBRO
_h27490
_i64864
_si
949 _a631 H35
_bBC
_cLIBRO
_d33724000561221
_eLIBRO
_fc.2
_h39566
_i64864
_si
999 _c59730
_d59730